Economía financiera
Guardat en:
| Autors principals: | , |
|---|---|
| Format: | Llibre |
| Idioma: | espanyol |
| Publicat: |
Barcelona
Antoni Bosch
2001
|
| Matèries: | |
| Etiquetes: |
Afegir etiqueta
Sense etiquetes, Sigues el primer a etiquetar aquest registre!
|
MARC
| LEADER | 00000nam a2200000 a 4500 | ||
|---|---|---|---|
| 001 | UCJ9638 | ||
| 003 | CL-VaPUC | ||
| 008 | 070330e20010000SP |||||||||||||||||spa|d | ||
| 020 | |a 8495348004 | ||
| 082 | 0 | 4 | |a 332 |b MAR |2 21 |
| 100 | |a Marín Vigueras, José María |e autor |9 519621 | ||
| 700 | 0 | |a Rubio, Gonzalo |e author |9 519622 | |
| 245 | 1 | 0 | |a Economía financiera |
| 300 | |a 984 p | ||
| 942 | |c BK | ||
| 945 | |d 20070330 00:00:00 |a cmena | ||
| 260 | |a Barcelona |b Antoni Bosch |c 2001 | ||
| 650 | 0 | |a Teoría económica |9 315055 | |
| 650 | 0 | |a Dinero |9 314331 | |
| 650 | 7 | |a SISTEMAS MONETARIOS |2 CL-VaPUC |9 342366 | |
| 650 | 0 | |a Mercado de capitales |9 330596 | |
| 650 | 0 | |a Política monetaria |9 258279 | |
| 583 | |a last modification |c 20070330 00:00:00 |k Rodrigo Vera | ||
| 999 | |c 325058 |d 325056 | ||
| 952 | |0 0 |1 0 |4 0 |6 332_000000000000000_MAR_2001 |7 0 |8 A |9 405607 |a BIBGIM |b BIBGIM |d 2019-11-22 |i 4327039 |o 332 MAR 2001 |p 4327039 |r 2025-01-15 |w 2019-11-22 |y BK |k COM | ||
| 952 | |0 0 |1 0 |4 0 |6 332_000000000000000_MAR_2001 |7 0 |8 A |9 405608 |a BIBGIM |b BIBGIM |d 2019-11-22 |i 4508009 |o 332 MAR 2001 |p 4508009 |r 2025-01-15 |w 2019-11-22 |y BK |k COM | ||